[Event "Faxe Dags EMT 2016"]
[Site "Faxe"]
[Date "2016.03.30"]
[Round "1"]
[White "Wehlast, Svend Erik"]
[Black "Pedersen, Henrik Dahl"]
[Result "0-1"]
[WhiteElo "1557"]
[BlackElo "2151"]
[PlyCount "88"]
[EventDate "2016.??.??"]

1. d4 Nf6 2. b3 g6 3. Bb2 Bg7 4. e3 O-O 5. Bd3 d6 6. h3 e5 7. dxe5 Nfd7 8. Nd2
Nxe5 9. Bxe5 dxe5 10. Rb1 Qe7 11. a4 Nc6 12. e4 Be6 13. Ngf3 Rfd8 14. O-O g5
15. Qe2 h5 16. Nh2 g4 17. c3 gxh3 18. g3 h4 19. Bc4 hxg3 20. fxg3 Qg5 21. Rf2
Bxc4 22. bxc4 Bf8 23. Kh1 Bc5 24. Nhf3 Qg4 25. Nh2 Qxe2 26. Rxe2 b6 27. Ng4 Rd3
28. Kh2 Rxc3 29. Kxh3 Kg7 30. Rf1 Rc2 31. Nf6 Rh8+ 32. Kg4 Bb4 33. Rff2 Nd4 34.
Nh5+ Rxh5 35. Kxh5 Nxe2 36. Rxe2 Rxd2 37. Re3 Rd4 38. Kg4 Rxc4 39. Kf5 Bd6 40.
g4 Rxa4 41. g5 Ra3 42. Re2 Rf3+ 43. Kg4 Rf4+ 44. Kg3 a5 0-1

[Event "Faxe Dags EMT 2016"]
[Site "Faxe"]
[Date "2016.03.30"]
[Round "1"]
[White "Pedersen, Hans Dahl"]
[Black "Refsgaard, Kaj"]
[Result "1-0"]
[WhiteElo "2144"]
[BlackElo "1547"]
[PlyCount "37"]
[EventDate "2016.??.??"]

1. c4 c5 2. g3 g6 3. Bg2 Bg7 4. Nc3 Nf6 5. Nf3 d6 6. d4 cxd4 7. Nxd4 O-O 8. O-O
Nbd7 9. b3 Rb8 10. Bb2 a6 11. Qd2 Ne5 12. f4 Ned7 13. e4 e5 14. Nc2 exf4 15.
gxf4 Qe7 16. Rad1 Nc5 17. Rde1 Bh6 18. Qd4 Ne6 19. Nd5 1-0

[Event "Faxe Dags EMT 2016"]
[Site "Faxe"]
[Date "2016.03.30"]
[Round "1"]
[White "Adrian, Michael"]
[Black "Arnkilde, Anders"]
[Result "0-1"]
[WhiteElo "1523"]
[BlackElo "1970"]
[PlyCount "88"]
[EventDate "2016.??.??"]

1. d4 d5 2. e3 g6 3. Bd3 Bg7 4. f4 Nh6 5. Nf3 c5 6. c3 Qc7 7. O-O Bf5 8. Ne5
Bxd3 9. Qxd3 c4 10. Qc2 O-O 11. b3 f6 12. Nf3 Nf5 13. bxc4 Qxc4 14. Qb3 Qxb3
15. axb3 Rc8 16. Bd2 Nd6 17. Rc1 Ne4 18. Na3 Nd7 19. c4 Nxd2 20. Nxd2 Nb6 21.
Nf3 a6 22. Ra2 dxc4 23. bxc4 Nd5 24. Kf2 e6 25. Rb2 Bf8 26. Rb3 Bxa3 27. Rxa3
b5 28. c5 b4 29. Ra5 b3 30. Nd2 b2 31. Rc2 Nb4 32. Rc3 Rab8 33. Nb1 Rc7 34. Ke2
e5 35. fxe5 fxe5 36. Rb3 exd4 37. exd4 Re8+ 38. Re3 Rd8 39. Rb3 Rxd4 40. Rxb2
Re7+ 41. Kf3 Rd3+ 42. Kg4 Re4+ 43. Kg5 Rd5+ 44. Kf6 Rf5# 0-1

[Event "Faxe Dags EMT 2016"]
[Site "Faxe"]
[Date "2016.03.30"]
[Round "1"]
[White "Zachariassen, John"]
[Black "Jakobsen, Henning"]
[Result "1-0"]
[WhiteElo "1959"]
[BlackElo "1474"]
[PlyCount "69"]
[EventDate "2016.??.??"]

1. c4 Nf6 2. Nf3 d6 3. g3 g6 4. Bg2 Nc6 5. d4 Bg7 6. O-O O-O 7. Nc3 Nd7 8. Rb1
e5 9. e3 Nb6 10. b3 Bg4 11. d5 Ne7 12. h3 Bxf3 13. Qxf3 f5 14. Qe2 e4 15. Bb2
Nd7 16. f3 Nc5 17. fxe4 fxe4 18. g4 Nd3 19. Ba1 Nc5 20. b4 Nd7 21. Nxe4 h6 22.
Bb2 g5 23. Bxg7 Kxg7 24. Ng3 Kg8 25. Nf5 Nxf5 26. gxf5 Nf6 27. Rbe1 Re8 28. Bf3
Ne4 29. Bxe4 Rxe4 30. f6 Kf8 31. Qh5 Rh4 32. Qg6 Qd7 33. f7 Rxh3 34. Qg8+ Ke7
35. f8=Q+ 1-0

[Event "Faxe Dags EMT 2016"]
[Site "Faxe"]
[Date "2016.05.11"]
[Round "1"]
[White "Andersen, Hans E"]
[Black "Stuhr, Peter Sebastian"]
[Result "0-1"]
[WhiteElo "1449"]
[BlackElo "1907"]
[PlyCount "84"]
[EventDate "2016.??.??"]

1. e4 d6 2. d4 Nf6 3. Nc3 e5 4. dxe5 dxe5 5. Qxd8+ Kxd8 6. Bg5 Be6 7. O-O-O+
Nbd7 8. a3 c6 9. Bxf6+ gxf6 10. g3 Kc7 11. Bh3 b5 12. Bxe6 fxe6 13. Na2 a5 14.
Nf3 Bc5 15. Rd2 Nb6 16. Rhd1 Rhd8 17. Ne1 Rxd2 18. Rxd2 b4 19. axb4 axb4 20.
Kb1 Nc4 21. Re2 Rb8 22. b3 Na3+ 23. Kb2 Nb5 24. h4 Bd4+ 25. Kc1 Nc3 26. Kd2
Nxa2 27. Nd3 c5 28. f4 exf4 29. Nxf4 Kd6 30. Nd3 Nc3 31. Rg2 Nxe4+ 32. Kd1 Ra8
33. Ke2 Ra1 34. Kf3 f5 35. g4 Nc3 36. gxf5 Rf1+ 37. Kg4 exf5+ 38. Kg3 f4+ 39.
Kg4 f3 40. Rd2 f2 41. Kf3 Nd1 42. Ke2 Rh1 0-1

[Event "Faxe Dags EMT 2016"]
[Site "Faxe"]
[Date "2016.03.30"]
[Round "1"]
[White "Andersen, Bjarne Hjorth"]
[Black "Hansen, Borge"]
[Result "1-0"]
[WhiteElo "1877"]
[BlackElo "1433"]
[PlyCount "117"]
[EventDate "2016.??.??"]

1. e4 e5 2. Nf3 Nc6 3. d4 exd4 4. Nxd4 d6 5. Bc4 Nf6 6. O-O Be7 7. Nc3 O-O 8.
Re1 Nxd4 9. Qxd4 Be6 10. Bb3 Nd7 11. Be3 Bf6 12. Qd2 b6 13. Rad1 Nc5 14. Bd4
Nxb3 15. axb3 Bxd4 16. Qxd4 Qg5 17. Re3 a6 18. Rg3 Qe5 19. Qe3 g6 20. f4 Qc5
21. Qxc5 bxc5 22. f5 Bc8 23. Nd5 Ra7 24. f6 Be6 25. Ne7+ Kh8 26. Rc3 Rb7 27. e5
Rb6 28. exd6 cxd6 29. Rcd3 Rd8 30. c4 a5 31. Ra1 Ra6 32. Re1 Bd7 33. Nd5 Be6
34. Nc7 Ra7 35. Nxe6 fxe6 36. Rxe6 Rad7 37. g4 Kg8 38. g5 Kf7 39. Rde3 Rb7 40.
Kf2 d5 41. Re7+ Rxe7 42. Rxe7+ Kg8 43. Rg7+ Kh8 44. Rc7 dxc4 45. bxc4 Kg8 46.
Rxc5 Rd2+ 47. Kg3 a4 48. Ra5 Rxb2 49. Rxa4 Rb3+ 50. Kg4 Rb7 51. c5 Rc7 52. Rc4
Kf7 53. Kf4 h6 54. h4 h5 55. Ke5 Rd7 56. c6 Rd1 57. c7 Re1+ 58. Kd5 Rd1+ 59.
Kc6 1-0

[Event "Faxe Dags EMT 2016"]
[Site "Faxe"]
[Date "2016.03.30"]
[Round "1"]
[White "Skotte, Niels Peder"]
[Black "Petersen, Bent"]
[Result "0-1"]
[WhiteElo "1359"]
[BlackElo "1831"]
[PlyCount "77"]
[EventDate "2016.??.??"]

1. d4 d5 2. Nf3 Nf6 3. Bf4 e6 4. e3 Bd6 5. Bxd6 Qxd6 6. c3 O-O 7. Bd3 Nbd7 8.
Nbd2 Re8 9. O-O b6 10. e4 dxe4 11. Nxe4 Qf4 12. Nxf6+ Nxf6 13. Bb5 Rd8 14. Bc6
Rb8 15. Re1 Rd6 16. Ne5 Ba6 17. Qf3 Qxf3 18. Bxf3 Bb7 19. Bxb7 Rxb7 20. h3 b5
21. a3 a5 22. b4 g6 23. Rec1 Ne4 24. Ra2 Ra7 25. bxa5 Rxa5 26. f3 Nf6 27. Rca1
Rda6 28. c4 b4 29. Rb2 bxa3 30. Rb3 Ra4 31. Rc3 Kf8 32. Nd3 Nd7 33. f4 Ke7 34.
Kf2 Rc6 35. Ne5 Nxe5 36. dxe5 Rcxc4 37. Rcxa3 Rxf4+ 38. Kg1 Rxa3 39. Rxa3 0-1

[Event "Faxe Dags EMT 2016"]
[Site "Faxe"]
[Date "2016.03.30"]
[Round "1"]
[White "Sorensen, Lindved"]
[Black "Nielsen, Ib"]
[Result "1-0"]
[WhiteElo "1733"]
[BlackElo "1334"]
[PlyCount "41"]
[EventDate "2016.??.??"]

1. Nf3 Nf6 2. c4 d6 3. g3 g6 4. b3 Bg7 5. Bb2 O-O 6. Bg2 e6 7. O-O c6 8. d4
Nbd7 9. Ba3 Qc7 10. Nc3 c5 11. Nb5 Qb6 12. dxc5 dxc5 13. Qd6 Qxd6 14. Nxd6 b6
15. Bb2 Ba6 16. Ne5 Rad8 17. Nc6 Nb8 18. Nxd8 Rxd8 19. Rad1 Kf8 20. Nb5 Bxb5
21. Rxd8+ 1-0

[Event "Faxe Dags EMT 2016"]
[Site "Faxe"]
[Date "2016.03.30"]
[Round "1"]
[White "Larsen, Paul M"]
[Black "Hansen, Aage"]
[Result "0-1"]
[WhiteElo "1319"]
[BlackElo "1696"]
[PlyCount "42"]
[EventDate "2016.??.??"]

1. d4 d5 2. c4 e5 3. dxe5 d4 4. Nf3 c5 5. g3 Nc6 6. a3 a5 7. Bg2 Be6 8. Nbd2
Nge7 9. O-O Ng6 10. Ne4 Be7 11. Ne1 Bxc4 12. b3 Bd5 13. f4 O-O 14. Qc2 Qb6 15.
Kh1 Bxb3 16. Qd3 c4 17. Qf3 Bd1 18. Nf6+ gxf6 19. exf6 Bxf6 20. Qd5 d3 21. exd3
Bxa1 0-1

[Event "Faxe Dags EMT 2016"]
[Site "Faxe"]
[Date "2016.03.30"]
[Round "1"]
[White "Eckert, Svend"]
[Black "Meldal, Peter"]
[Result "1-0"]
[WhiteElo "1692"]
[BlackElo "1268"]
[PlyCount "77"]
[EventDate "2016.??.??"]

1. c4 Nf6 2. d4 g6 3. e3 Bg7 4. Nc3 d5 5. b3 c6 6. Be2 O-O 7. Bb2 Qa5 8. a3 Ne4
9. b4 Nxc3 10. Bxc3 Qc7 11. Nf3 Nd7 12. O-O e5 13. cxd5 cxd5 14. Rc1 e4 15. Nd2
Nf6 16. Qb3 Bf5 17. b5 Qd8 18. Rc2 Rc8 19. Rfc1 Re8 20. h3 Qb6 21. a4 a6 22. a5
Qa7 23. b6 Qb8 24. Qa2 Bd7 25. Nb3 Bc6 26. Nc5 Bf8 27. Bb2 Bd6 28. Nxa6 Bh2+
29. Kh1 bxa6 30. Rxc6 Bd6 31. Bxa6 Rxc6 32. Rxc6 Kg7 33. Qa4 Rd8 34. Qb5 Qa8
35. b7 Qb8 36. Rc8 Rxc8 37. bxc8=Q Qa7 38. Qbb7 Qxb7 39. Bxb7 1-0

[Event "Faxe Dags EMT 2016"]
[Site "Faxe"]
[Date "2016.05.02"]
[Round "1"]
[White "Hansen, Arne Mandrup"]
[Black "Stuhr, Finn"]
[Result "0-1"]
[WhiteElo "1230"]
[BlackElo "1667"]
[PlyCount "128"]
[EventDate "2016.??.??"]

1. d4 Nf6 2. c4 b6 3. Nf3 Bb7 4. Nbd2 e6 5. g3 g6 6. Bg2 Nc6 7. O-O d5 8. Ne5
Nxd4 9. e3 Nf5 10. cxd5 exd5 11. Ndf3 h5 12. Ng5 Nd6 13. Qa4+ c6 14. Rd1 Qe7
15. Ngf3 b5 16. Qc2 Nfe4 17. Nxc6 Rc8 18. Nxe7 Rxc2 19. Nxd5 Nxf2 20. Rd2 Rxd2
21. Nxd2 Ng4 22. Nc7+ Kd7 23. Bxb7 Kxc7 24. Bd5 Nxe3 25. Bb3 h4 26. Nf1 Nxf1
27. Kxf1 hxg3 28. hxg3 Rh1+ 29. Kg2 Re1 30. Kf2 Rh1 31. Kg2 Rh5 32. Bf4 f6 33.
Bf7 Rc5 34. Bxg6 f5 35. Rc1 Rxc1 36. Bxc1 Kd7 37. g4 fxg4 38. Bd3 Ke6 39. Bf4
Nc4 40. b3 Na3 41. Bf5+ Kd5 42. Bxg4 Bg7 43. Bf3+ Kd4 44. Kf2 Kc3 45. Be3 Bd4
46. Bxd4+ Kxd4 47. Ke2 Kc3 48. Kd1 Kb2 49. Bd5 Nc2 50. Kd2 Nb4 51. Bf7 Kxa2 52.
Kc1 a6 53. Bg8 a5 54. Bf7 Nd3+ 55. Kc2 Ne5 56. Bg8 b4 57. Kc1 Nc6 58. Kc2 Nd4+
59. Kc1 Nxb3+ 60. Bxb3+ Kxb3 61. Kb1 Kc3 62. Kc1 a4 63. Kb1 a3 64. Kc1 a2 0-1

[Event "Faxe Dags EMT 2016"]
[Site "Faxe"]
[Date "2016.03.30"]
[Round "1"]
[White "Nielsen, Kurt Sogaard"]
[Black "Eriksen, Knud Ejler"]
[Result "1-0"]
[WhiteElo "1661"]
[BlackElo "1227"]
[PlyCount "61"]
[EventDate "2016.??.??"]

1. d4 Nf6 2. c4 d6 3. Nc3 e6 4. e4 b6 5. Nf3 h6 6. Bd3 Bb7 7. O-O Be7 8. b3 O-O
9. Bb2 c6 10. Qe2 Nbd7 11. e5 Nh7 12. Qe4 g6 13. Qf4 Ng5 14. Nxg5 Bxg5 15. Qg3
d5 16. f4 Be7 17. cxd5 cxd5 18. Bxg6 fxg6 19. Qxg6+ Kh8 20. Qxh6+ Kg8 21. Qxe6+
Kh7 22. Rf3 Qe8 23. Rh3+ Kg7 24. Qh6+ Kf7 25. Qh7+ Ke6 26. f5+ Rxf5 27. Rh6+
Bf6 28. exf6 Nxf6 29. Re1+ Kd6 30. Rxe8 Rxe8 31. Qxf5 1-0

[Event "Faxe Dags EMT 2016"]
[Site "Faxe"]
[Date "2016.03.30"]
[Round "1"]
[White "Nielsen, Henning Sogaard"]
[Black "Engelstoft, Jens"]
[Result "0-1"]
[WhiteElo "1213"]
[BlackElo "1642"]
[PlyCount "70"]
[EventDate "2016.??.??"]

1. d4 Nf6 2. c4 g6 3. Nf3 d6 4. Nc3 Bg7 5. e3 Nbd7 6. Bd3 O-O 7. O-O e5 8. Re1
Re8 9. e4 exd4 10. Nxd4 Nc5 11. Bg5 h6 12. Bh4 g5 13. Bg3 Ng4 14. f3 Bxd4+ 15.
Kh1 Nf2+ 16. Bxf2 Bxf2 17. Re2 Bd4 18. b4 Bxc3 19. Rb1 Nxd3 20. Qxd3 Qf6 21. b5
b6 22. Rc1 Be5 23. Rf1 h5 24. Ref2 h4 25. Qd2 Qf4 26. Qxf4 Bxf4 27. g3 hxg3 28.
hxg3 Bxg3 29. Rg2 Bh3 30. Rxg3 Bxf1 31. Rxg5+ Kf8 32. Rh5 Bxc4 33. Rh8+ Ke7 34.
Rxe8+ Rxe8 35. a4 Rg8 0-1

[Event "Faxe Dags EMT 2016"]
[Site "Faxe"]
[Date "2016.03.30"]
[Round "1"]
[White "Alic, Ohran"]
[Black "Larsen, Poul Erik"]
[Result "1-0"]
[WhiteElo "1629"]
[BlackElo "1180"]
[PlyCount "125"]
[EventDate "2016.??.??"]

1. e4 e6 2. Nf3 d5 3. exd5 exd5 4. d4 Nf6 5. Bg5 Be7 6. Be2 Bf5 7. Nh4 Qd7 8.
Nc3 c6 9. Nxf5 Qxf5 10. Be3 O-O 11. Qd3 Qxd3 12. Bxd3 Bb4 13. O-O Bxc3 14. bxc3
h6 15. Rab1 b5 16. a4 bxa4 17. Ra1 Nbd7 18. Rxa4 Nb6 19. Ra2 Rfe8 20. Rfa1 Re7
21. Rb1 Ree8 22. h3 g5 23. Rba1 Re7 24. h4 Ng4 25. hxg5 Nxe3 26. fxe3 hxg5 27.
Kf2 Kg7 28. g4 Rc7 29. e4 f6 30. Ra6 Nc8 31. Rh1 Ne7 32. exd5 cxd5 33. Rh7+ Kg8
34. Rxf6 Rf8 35. Rxf8+ Kxf8 36. Rh5 Rxc3 37. Rxg5 Rc6 38. Rh5 Rf6+ 39. Ke3 a5
40. Rh8+ Kg7 41. Ra8 Nc6 42. c3 Kh6 43. Bb5 Kg5 44. Bxc6 Rxc6 45. Kd3 Kxg4 46.
Rxa5 Rd6 47. Ra8 Kf5 48. Rf8+ Ke6 49. Rh8 Ke7 50. c4 dxc4+ 51. Kxc4 Rc6+ 52.
Kd5 Rd6+ 53. Kc5 Rf6 54. d5 Rf7 55. Kc6 Rf6+ 56. Kc7 Rf7 57. Kc6 Rf6+ 58. Kc5
Rf5 59. Rh7+ Ke8 60. Kc6 Rf6+ 61. d6 Re6 62. Kc7 Re7+ 63. Rxe7+ 1-0

[Event "Faxe Dags EMT 2016"]
[Site "Faxe"]
[Date "2016.03.30"]
[Round "1"]
[White "Jacobsen, Knud"]
[Black "Mathiasen, Gunnar"]
[Result "1-0"]
[WhiteElo "1038"]
[BlackElo "1561"]
[PlyCount "67"]
[EventDate "2016.??.??"]

1. e4 e5 2. f4 exf4 3. Nf3 Nc6 4. Bc4 d6 5. O-O Ne5 6. Nc3 Nxc4 7. Re1 Ne5 8.
d4 Ng6 9. e5 dxe5 10. Nxe5 Nxe5 11. Rxe5+ Be7 12. Bxf4 c6 13. Qd3 Be6 14. Qe4
Nf6 15. Qd3 Nd5 16. Nxd5 Bxd5 17. Rae1 Be6 18. Qe3 Qd7 19. c4 O-O-O 20. d5 cxd5
21. Qxa7 Bd6 22. cxd5 Qb5 23. Rc1+ Kd7 24. dxe6+ fxe6 25. Rxb5 Bxf4 26. Rxb7+
Ke8 27. Rf7 Bg5 28. Rcc7 Rd1+ 29. Kf2 Rf8 30. Rxf8+ Kxf8 31. Rf7+ Ke8 32. Rxg7
Rd2+ 33. Kf3 Rd3+ 34. Kg4 1-0

[Event "Faxe Dags EMT 2016"]
[Site "Faxe"]
[Date "2016.04.06"]
[Round "2"]
[White "Pedersen, Henrik Dahl"]
[Black "Sorensen, Lindved"]
[Result "1-0"]
[WhiteElo "2151"]
[BlackElo "1733"]
[PlyCount "61"]
[EventDate "2016.??.??"]

1. d4 Nf6 2. Nf3 e6 3. g3 c5 4. Bg2 Nc6 5. O-O d5 6. c4 cxd4 7. Nxd4 Bc5 8.
Nxc6 bxc6 9. Nc3 O-O 10. Bg5 h6 11. Bxf6 Qxf6 12. cxd5 cxd5 13. e4 Ba6 14. Qa4
Bxf1 15. Rxf1 d4 16. Nb5 Rab8 17. b4 Bb6 18. Nxa7 Ra8 19. e5 Rxa7 20. Qxa7 Bxa7
21. exf6 gxf6 22. a4 Rc8 23. a5 d3 24. b5 d2 25. b6 Bb8 26. a6 Rc1 27. Bf3 Rc3
28. a7 Rxf3 29. axb8=Q+ Kg7 30. Qd6 Rb3 31. Rd1 1-0

[Event "Faxe Dags EMT 2016"]
[Site "Faxe"]
[Date "2016.04.06"]
[Round "2"]
[White "Hansen, Aage"]
[Black "Pedersen, Hans Dahl"]
[Result "0-1"]
[WhiteElo "1696"]
[BlackElo "2144"]
[PlyCount "50"]
[EventDate "2016.??.??"]

1. e4 c5 2. Nf3 e6 3. d4 cxd4 4. Nxd4 a6 5. c4 Nf6 6. Bd3 Qc7 7. O-O Nc6 8. Ne2
Bc5 9. Kh1 Ng4 10. Bf4 Qb6 11. Nbc3 Nxf2+ 12. Rxf2 Bxf2 13. Bd6 Nb4 14. e5 Nxd3
15. Qxd3 Qe3 16. Qc2 f5 17. c5 Bh4 18. Rf1 b5 19. Rf4 Be1 20. Rd4 Bxc3 21. bxc3
Bb7 22. Rd3 Qf2 23. Rg3 f4 24. Rxg7 f3 25. Re7+ Kd8 0-1

[Event "Faxe Dags EMT 2016"]
[Site "Faxe"]
[Date "2016.04.06"]
[Round "2"]
[White "Arnkilde, Anders"]
[Black "Eckert, Svend"]
[Result "1-0"]
[WhiteElo "1970"]
[BlackElo "1692"]
[PlyCount "49"]
[EventDate "2016.??.??"]

1. e4 c6 2. d4 e6 3. Bd3 d5 4. e5 c5 5. c3 c4 6. Bc2 Nc6 7. f4 Be7 8. Qg4 g6 9.
Qh3 h5 10. Nf3 Nh6 11. O-O Nf5 12. Re1 Nh4 13. Nxh4 Bxh4 14. g3 Be7 15. Nd2 Kd7
16. Nf3 Qg8 17. b3 b5 18. a4 Ba6 19. axb5 Bxb5 20. bxc4 Bxc4 21. Nd2 Kd8 22.
Nxc4 dxc4 23. Qg2 Qe8 24. Ra6 Rc8 25. Ba4 1-0

[Event "Faxe Dags EMT 2016"]
[Site "Faxe"]
[Date "2016.04.06"]
[Round "2"]
[White "Nielsen, Kurt Sogaard"]
[Black "Zachariassen, John"]
[Result "0-1"]
[WhiteElo "1661"]
[BlackElo "1959"]
[PlyCount "94"]
[EventDate "2016.??.??"]

1. d4 Nf6 2. c4 d6 3. Nc3 Nbd7 4. Bg5 c6 5. Nf3 Qc7 6. e4 e5 7. d5 Be7 8. Be2
O-O 9. O-O Rd8 10. Qc2 Nf8 11. Nd2 Nxd5 12. Nxd5 cxd5 13. Bxe7 Qxe7 14. cxd5
Ng6 15. g3 Bh3 16. Rfc1 Rac8 17. Qd1 f5 18. exf5 Bxf5 19. Bg4 Qf7 20. Rxc8 Rxc8
21. Ne4 Rd8 22. Rc1 h6 23. Qf3 Bxg4 24. Qxg4 Nf8 25. Rc3 Kh8 26. Qh4 Qe8 27.
Rc7 Rd7 28. Rc4 Nh7 29. Qg4 Nf8 30. Qf5 Qd8 31. g4 Kg8 32. g5 Rf7 33. Qc8 Qb6
34. gxh6 gxh6 35. b3 Kh7 36. Kf1 Qe3 37. Qg4 Qd3+ 38. Qe2 Qxd5 39. Qh5 Qd3+ 40.
Kg2 Rg7+ 41. Ng3 Ne6 42. Kh3 Nf4+ 43. Rxf4 exf4 44. Qf5+ Qxf5+ 45. Nxf5 Rg6 46.
Ne7 Rg5 47. Nc8 d5 0-1

[Event "Faxe Dags EMT 2016"]
[Site "Faxe"]
[Date "2016.04.08"]
[Round "2"]
[White "Engelstoft, Jens"]
[Black "Andersen, Bjarne Hjorth"]
[Result "0-1"]
[WhiteElo "1642"]
[BlackElo "1877"]
[PlyCount "58"]
[EventDate "2016.??.??"]

1. Nf3 Nf6 2. d4 g6 3. c4 Bg7 4. Nc3 d5 5. cxd5 Nxd5 6. e4 Nxc3 7. bxc3 c5 8.
Be3 O-O 9. Be2 cxd4 10. cxd4 Nc6 11. Rb1 Qa5+ 12. Qd2 Qxd2+ 13. Kxd2 Rd8 14. d5
e6 15. Bc4 Na5 16. Rhc1 Nxc4+ 17. Rxc4 exd5 18. exd5 Rxd5+ 19. Ke1 b6 20. Rc7
Bf5 21. Rbc1 Bb2 22. R1c6 Bg4 23. Nd2 Bd7 24. Rc2 Be5 25. R7c4 Re8 26. Nf3 Bd6
27. Rd2 Rxd2 28. Nxd2 Bxh2 29. g3 Bxg3 0-1

[Event "Faxe Dags EMT 2016"]
[Site "Faxe"]
[Date "2016.04.06"]
[Round "2"]
[White "Petersen, Bent"]
[Black "Alic, Ohran"]
[Result "1-0"]
[WhiteElo "1831"]
[BlackElo "1629"]
[PlyCount "71"]
[EventDate "2016.??.??"]

1. d4 d5 2. Nf3 Nf6 3. c4 c6 4. Nc3 Bf5 5. e3 e6 6. Bd3 dxc4 7. Bxf5 exf5 8.
Ne5 Bb4 9. Bd2 Bxc3 10. Bxc3 Qd5 11. f3 O-O 12. Qc2 g6 13. O-O b5 14. Rae1 a5
15. e4 Qe6 16. exf5 Qxf5 17. Qxf5 gxf5 18. f4 b4 19. Bd2 Ne4 20. Nxc4 Nd7 21.
Be3 Rfe8 22. Ne5 Nxe5 23. fxe5 f6 24. Rxf5 fxe5 25. dxe5 Rad8 26. Bb6 Rb8 27.
Rxe4 Rxb6 28. e6 a4 29. e7 Rbb8 30. Rg4+ Kh8 31. Rf7 Rg8 32. Rh4 Rg7 33. Rf8+
Rg8 34. Rhf4 Re8 35. Rxe8 Rxe8 36. Rf8+ 1-0

[Event "Faxe Dags EMT 2016"]
[Site "Faxe"]
[Date "2016.04.06"]
[Round "2"]
[White "Stuhr, Peter Sebastian"]
[Black "Jacobsen, Knud"]
[Result "1-0"]
[WhiteElo "1907"]
[BlackElo "1038"]
[PlyCount "58"]
[EventDate "2016.??.??"]

1. e4 e5 2. Nc3 Nf6 3. Bc4 Nc6 4. d3 Bc5 5. f4 d6 6. f5 O-O 7. Bg5 Re8 8. Nd5
Nd4 9. Nxf6+ gxf6 10. Bh6 Kh8 11. c3 Nc6 12. Bxf7 Re7 13. Qh5 Bd7 14. Bd5 Qe8
15. Qh4 Rf7 16. Nf3 Qg8 17. g4 Ne7 18. Bxf7 Qxf7 19. g5 Rg8 20. gxf6 Nxf5 21.
exf5 Bxf5 22. Bg7+ Rxg7 23. fxg7+ Qxg7 24. Qd8+ Qg8 25. Qf6+ Qg7 26. Qxf5 d5
27. Qxe5 Qxe5+ 28. Nxe5 d4 29. Rg1 h6 1-0

[Event "Faxe Dags EMT 2016"]
[Site "Faxe"]
[Date "2016.04.06"]
[Round "2"]
[White "Stuhr, Finn"]
[Black "Andersen, Hans E"]
[Result "0-1"]
[WhiteElo "1667"]
[BlackElo "1449"]
[PlyCount "107"]
[EventDate "2016.??.??"]

1. e4 e5 2. Nf3 Nc6 3. Bb5 d6 4. O-O Nf6 5. Re1 Be7 6. c3 O-O 7. d4 exd4 8.
cxd4 Bd7 9. Nc3 a6 10. Ba4 b5 11. Bc2 Bg4 12. Re3 Re8 13. a3 Nh5 14. Ne2 Bf6
15. h3 Bxf3 16. Rxf3 g6 17. g4 Ng7 18. Nf4 Bxd4 19. Bb3 Ne5 20. Rg3 Bb6 21. Nd5
Ba7 22. g5 Nh5 23. Rc3 c6 24. Nb4 c5 25. Nd5 c4 26. Bc2 f6 27. gxf6 Nxf6 28.
Bg5 Ned7 29. Rf3 Rf8 30. Nxf6+ Nxf6 31. e5 dxe5 32. Qxd8 Raxd8 33. Rxf6 Rxf6
34. Bxf6 Rd2 35. Rf1 Rxc2 36. Bxe5 Rd2 37. Kg2 Re2 38. Bc3 Kf7 39. Kg3 h5 40.
f4 Ke6 41. Be5 Rd2 42. Kf3 Kf5 43. Re1 h4 44. Rf1 Rh2 45. Bc3 Rxh3+ 46. Kg2
Rg3+ 47. Kh2 Re3 48. Kg2 Kg4 49. Rd1 h3+ 50. Kh1 Kg3 51. Rg1+ Kf3 52. Rf1+ Kg4
53. Rg1+ Kf5 54. Be5 0-1

[Event "Faxe Dags EMT 2016"]
[Site "Faxe"]
[Date "2016.04.06"]
[Round "2"]
[White "Mathiasen, Gunnar"]
[Black "Hansen, Arne Mandrup"]
[Result "1-0"]
[WhiteElo "1561"]
[BlackElo "1230"]
[PlyCount "79"]
[EventDate "2016.??.??"]

1. d4 Nf6 2. c4 d5 3. b3 g6 4. Bb2 Bg7 5. Nf3 Nc6 6. e3 O-O 7. Nc3 Bg4 8. h3
Bf5 9. a3 a5 10. Be2 Na7 11. O-O c6 12. Ne5 Ne4 13. Nf3 Nxc3 14. Bxc3 b5 15. c5
Nc8 16. Nd2 Bd7 17. e4 e6 18. e5 Ne7 19. f4 Nf5 20. Rf3 f6 21. Bd3 b4 22. Bb2
fxe5 23. fxe5 Be8 24. Bxf5 gxf5 25. Rf2 Bg6 26. Nf3 Kf7 27. Bc1 h6 28. Bd2 Qb8
29. Nh4 bxa3 30. Rxa3 Qd8 31. Nf3 Rg8 32. Qe1 h5 33. Ng5+ Ke7 34. Bxa5 Qe8 35.
Rfa2 Kd7 36. Bb6 Rxa3 37. Rxa3 Qb8 38. Ra7+ Kc8 39. Qa5 Bh6 40. Qa6+ 1-0

[Event "Faxe Dags EMT 2016"]
[Site "Faxe"]
[Date "2016.04.06"]
[Round "2"]
[White "Nielsen, Ib"]
[Black "Wehlast, Svend Erik"]
[Result "0-1"]
[WhiteElo "1334"]
[BlackElo "1557"]
[PlyCount "80"]
[EventDate "2016.??.??"]

1. e4 c6 2. g3 d5 3. exd5 cxd5 4. Bg2 Nf6 5. d4 h6 6. Nc3 e6 7. Nf3 a6 8. O-O
Bd6 9. a3 b5 10. b4 Bb7 11. Ne2 Nbd7 12. Bb2 Nb6 13. Ne5 Na4 14. Bc1 Rc8 15.
Ra2 Rc7 16. Nd3 Ne4 17. Bxe4 dxe4 18. Nc5 Bd5 19. Ra1 Qc8 20. Nxa4 bxa4 21. c3
Bb3 22. Qe1 Bc4 23. Bd2 g5 24. Rc1 Qd7 25. f3 Qc6 26. Rf2 exf3 27. d5 Qxd5 28.
Nd4 g4 29. Be3 Qe4 30. Qd2 Rd7 31. Re1 Qg6 32. Bf4 Be7 33. Qe3 Bg5 34. Qe5 O-O
35. Bxg5 hxg5 36. Re4 Rd5 37. Nf5 Rxe5 38. Ne7+ Kg7 39. Nxg6 Rxe4 40. h3 Kxg6
0-1

[Event "Faxe Dags EMT 2016"]
[Site "Faxe"]
[Date "2016.04.06"]
[Round "2"]
[White "Refsgaard, Kaj"]
[Black "Larsen, Paul M"]
[Result "1-0"]
[WhiteElo "1547"]
[BlackElo "1319"]
[PlyCount "53"]
[EventDate "2016.??.??"]

1. d4 Nf6 2. Bf4 c6 3. e3 g6 4. Bd3 Bg7 5. Nf3 d5 6. Nbd2 O-O 7. Rc1 Nbd7 8. c4
Nh5 9. Bg3 f5 10. Ng5 Ndf6 11. cxd5 cxd5 12. Qb3 h6 13. Ngf3 e6 14. Ne5 g5 15.
O-O Qe8 16. Rc7 Nd7 17. Nxd7 Bxd7 18. Rxb7 Nf6 19. Rc1 Kh8 20. Rcc7 h5 21. Be5
Rd8 22. Nf3 g4 23. Nh4 Ne4 24. Bb5 f4 25. Bxg7+ Kg8 26. Bxd7 Rxd7 27. Rxd7 1-0

[Event "Faxe Dags EMT 2016"]
[Site "Faxe"]
[Date "2016.04.06"]
[Round "2"]
[White "Meldal, Peter"]
[Black "Adrian, Michael"]
[Result "1/2-1/2"]
[WhiteElo "1268"]
[BlackElo "1523"]
[PlyCount "43"]
[EventDate "2016.??.??"]

1. e4 e5 2. Bc4 Nf6 3. d4 Nc6 4. Nf3 Qe7 5. Nc3 h6 6. O-O d6 7. Nd5 Nxd5 8.
exd5 Nd8 9. dxe5 dxe5 10. Nxe5 Qf6 11. Re1 Be7 12. Bb5+ c6 13. dxc6 Nxc6 14.
Nxc6 bxc6 15. Bd3 O-O 16. c3 Rd8 17. Qc2 Be6 18. Be3 Kh8 19. a3 Rd7 20. Bd4 Qh4
21. Be4 Rc7 22. b4 1/2-1/2

[Event "Faxe Dags EMT 2016"]
[Site "Faxe"]
[Date "2016.04.06"]
[Round "2"]
[White "Jakobsen, Henning"]
[Black "Eriksen, Knud Ejler"]
[Result "1-0"]
[WhiteElo "1474"]
[BlackElo "1227"]
[PlyCount "167"]
[EventDate "2016.??.??"]

1. d4 d5 2. c4 e6 3. Nf3 Nf6 4. Nc3 Be7 5. Bf4 a6 6. e3 c6 7. Be2 O-O 8. O-O
dxc4 9. Bxc4 b5 10. Bd3 Bb7 11. Qc2 Nbd7 12. Rac1 Rc8 13. Ng5 h6 14. Nh7 Re8
15. Nxf6+ Nxf6 16. Rfd1 Qb6 17. Qb3 Qa7 18. Ne4 Nd5 19. Bg3 Qa8 20. a3 Kh8 21.
Rd2 Red8 22. Qd1 Nf6 23. Nxf6 Bxf6 24. Qh5 Rf8 25. Bd6 Rfe8 26. Qxf7 Bg5 27.
Qg6 Kg8 28. Qh7+ Kf7 29. Bg6+ Kf6 30. Be5+ Ke7 31. Qxg7+ Kd8 32. Bf6+ Bxf6 33.
Qxf6+ Re7 34. Qf8+ Kd7 35. Qxh6 Rh8 36. Qg5 Rg7 37. Be8+ Rxe8 38. Qxg7+ Re7 39.
Qg3 Qf8 40. Rdc2 Rg7 41. Qe5 Qg8 42. g3 Rg5 43. Qe4 Rf5 44. Rc5 Rf7 45. b4 Qf8
46. f4 Qh8 47. Qe5 Qh3 48. Qe4 Qg4 49. Rxc6 Bxc6 50. Qxc6+ Ke7 51. Qc7+ Kf8 52.
Qd6+ Kg7 53. Qe5+ Kh7 54. Qe4+ Kh6 55. Qe5 Rg7 56. Qd6 Rg6 57. Qf8+ Rg7 58.
Qh8+ Rh7 59. Qf6+ Kh5 60. Qg5+ Qxg5 61. fxg5 Kxg5 62. Rc6 Kf5 63. Rxa6 Rc7 64.
h4 Rc1+ 65. Kf2 e5 66. d5 Kg4 67. d6 Rc2+ 68. Ke1 Ra2 69. d7 Ra1+ 70. Kd2 Ra2+
71. Kd3 Ra1 72. Ke4 Rd1 73. Rg6+ Kh3 74. Rg7 Rd6 75. Kxe5 Rd3 76. Kf4 Rd6 77.
e4 Rf6+ 78. Ke5 Rf8 79. Ke6 Ra8 80. Ke7 Ra7 81. Ke8 Ra8+ 82. d8=Q Rxd8+ 83.
Kxd8 Kg2 84. e5 1-0